[Event "Ljubljana-chT 75th"]
[Site "Ljubljana"]
[Date "2023.01.26"]
[Round "3.1"]
[White "Bandelj, Mirko"]
[Black "Poglajen, Franc"]
[Result "1/2-1/2"]
[WhiteElo "1952"]
[BlackElo "1741"]
[PlyCount "36"]
[EventDate "2023.01.12"]
[EventType "team-swiss"]
[EventRounds "9"]
[EventCountry "SLO"]
[SourceTitle "EXT 2024"]
[Source "ChessBase"]
[SourceDate "2023.10.10"]
[SourceVersion "1"]
[SourceVersionDate "2023.10.10"]
[SourceQuality "1"]
[WhiteTeam "Dol"]
[BlackTeam "Komenda Pogi"]
[WhiteTeamCountry "SLO"]
[BlackTeamCountry "SLO"]

1. e4 c5 2. Nf3 Nc6 3. d4 cxd4 4. Nxd4 d6 5. Nc3 Bd7 6. Bc4 g6 7. Be3 Bg7 8. Qd2 a6 9. f4 b5 10. Bd5 Rc8 11. Nxc6 Bxc6 12. Bxc6+ Rxc6 13. 0-0 Nf6 14. Qd3 0-0 15. Rae1 Nd7 16. Nd1 Nc5 17. Bxc5 Rxc5 18. c3 Qb6 1/2-1/2